书目信息 |
| 题名: |
天下英雄谁敌手
|
|
| 作者: | 倪海权 著 | |
| 分册: | ||
| 出版信息: | 哈尔滨 黑龙江大学出版社 2016 |
|
| 页数: | 371页 | |
| 开本: | 23cm | |
| 丛书名: | ||
| 单 册: | ||
| 中图分类: | I222.72 | |
| 科图分类: | ||
| 主题词: | 古典诗歌--gu dian shi ge--诗集--中国 | |
| 电子资源: | ||
| ISBN: | 978-7-5686-0059-0 | |
| 000 | 01215nam0 22002531 450 | |
| 001 | 0120082047 | |
| 005 | 20170320082047.0 | |
| 010 | @a978-7-5686-0059-0@dCNY39.80 | |
| 100 | @a20170113d2016 em y0chiy50 ea | |
| 101 | 0 | @achi |
| 102 | @aCN@b110000 | |
| 105 | @aa z 000yy | |
| 106 | @ar | |
| 200 | 1 | @a天下英雄谁敌手@9tian xia ying xiong shui di shou@e诗词大闯关 等你来挑战@f倪海权著 |
| 210 | @a哈尔滨@c黑龙江大学出版社@d2016 | |
| 215 | @a371页@c图@d23cm | |
| 314 | @a倪海权 (1980-),男,汉族,黑龙江哈尔滨人。文学博士,哈尔滨师范大学文学院教师,著有《唐诗三百首译注》、《浮生六记(外三种)》等。 | |
| 330 | @a本书阐述了古典诗词是中国传统文化的重要载体,是一种十分有特色有个性的文学存在,它既有别于西方诗歌,又不同于中国传统的其它文学样式。本书以闯关的形式,共设计一百关,既考查诗词背诵的基本功底,又考查诗词背景知识的积累。题型上尽量做到灵活多变,难度上则从易到难,兼顾知识性与趣味性。每关后附有参考答案,以简练精当为准。 | |
| 517 | 1 | @a诗词大闯关 等你来挑战@9shi ci da chuang guan deng ni lai tiao zhan |
| 606 | 0 | @a古典诗歌@9gu dian shi ge@x诗集@y中国 |
| 690 | @aI222.72@v5 | |
| 701 | 0 | @a倪海权@9ni hai quan@f(1980-)@4著 |
| 801 | 0 | @aCN@bTANGWEI@c20170308 |
| 905 | @b0955636-9@dI222.72@e579@f4 | |
| 天下英雄谁敌手:诗词大闯关 等你来挑战/倪海权著.-哈尔滨:黑龙江大学出版社,2016 |
| 371页:图;23cm |
| ISBN 978-7-5686-0059-0:CNY39.80 |
| 本书阐述了古典诗词是中国传统文化的重要载体,是一种十分有特色有个性的文学存在,它既有别于西方诗歌,又不同于中国传统的其它文学样式。本书以闯关的形式,共设计一百关,既考查诗词背诵的基本功底,又考查诗词背景知识的积累。题型上尽量做到灵活多变,难度上则从易到难,兼顾知识性与趣味性。每关后附有参考答案,以简练精当为准。 |
| ● |
| 相关链接 |
|
|
|
|
正题名:天下英雄谁敌手
索取号:I222.72/579
 
预约/预借
| 序号 | 登录号 | 条形码 | 馆藏地/架位号 | 状态 | 备注 |
| 1 | 0955636 | 209556363 | 第一样本阅览室/ [索取号:I222.72/579] | 在馆 | |
| 2 | 0955637 | 209556372 | 第二借阅区/ [索取号:I222.72/579] | 在馆 | |
| 3 | 0955638 | 209556381 | 第二借阅区/ [索取号:I222.72/579] | 在馆 | |
| 4 | 0955639 | 209556390 | 第二借阅区/ [索取号:I222.72/579] | 在馆 |